[Event "POR CupT qf  40th"]
[White "Saltao, Joao Miguel Ramos"]
[Black "Moreira, Bruno"]
[Site "Portugal"]
[Round "3.8"]
[Result "0-1"]
[Date "2018.05.05"]
[WhiteElo "1920"]
[BlackElo "1895"]
[PlyCount "60"]
[EventDate "2017.12.16"]
[EventType "team-k.o."]
[EventRounds "6"]
[EventCountry "POR"]
[SourceTitle "EXT 2019"]
[Source "ChessBase"]
[SourceDate "2018.10.10"]
[SourceVersion "1"]
[SourceVersionDate "2018.10.10"]
[SourceQuality "1"]
[WhiteTeam "Montemor o Velho"]
[BlackTeam "Coimbra"]
[WhiteTeamCountry "POR"]
[BlackTeamCountry "POR"]

1. Nf3 Nf6 2. c4 g6 3. g3 Bg7 4. d3 d6 5. Bg2 e5 6. Nc3 c5 7. Bg5 h6 8. Bxf6 Bxf6 9. Qb3 Nc6 10. Nd5 Bg7 11. h4 Rb8 12. Bh3 f5 13. e3 0-0 14. 0-0-0 Be6 15. Ng1 b5 16. Qc2 bxc4 17. dxc4 e4 18. b3 Bxd5 19. Rxd5 Nb4 20. Qd2 Qf6 21. Kd1 Nxd5 22. Qxd5+ Kh8 23. Ne2 Qb2 24. Nf4 Kh7 25. Rh2 Qxa2 26. Qe6 Rf6 27. Qxf6 Bxf6 28. h5 Rxb3 29. hxg6+ Kg8 30. Nd3 exd3 0-1

[Event "POR CupT qf  39th"]
[White "Moreira, Bruno"]
[Black "Rodrigues, Luis Bernardino"]
[Site "Portugal"]
[Round "4.4"]
[Result "1-0"]
[Date "2017.07.01"]
[WhiteElo "1884"]
[BlackElo "1878"]
[PlyCount "51"]
[EventDate "2017.03.11"]
[EventType "team-k.o."]
[EventRounds "6"]
[EventCountry "POR"]
[SourceTitle "EXT 2018"]
[Source "ChessBase"]
[SourceDate "2017.10.13"]
[SourceVersion "1"]
[SourceVersionDate "2017.10.13"]
[SourceQuality "1"]
[WhiteTeam "Coimbra"]
[BlackTeam "Portugal/Atlantidiagonal"]
[WhiteTeamCountry "POR"]
[BlackTeamCountry "POR"]

1. e4 c5 2. Nf3 g6 3. d4 cxd4 4. c3 Bg7 5. Bc4 dxc3 6. Nxc3 Nc6 7. 0-0 Na5 8. Bxf7+ Kxf7 9. Ng5+ Ke8 10. Qf3 Nh6 11. Rd1 d6 12. Qg3 Nf7 13. Nd5 Nxg5 14. Bxg5 Nc6 15. Rac1 Be6 16. Bxe7 Nxe7 17. Nc7+ Kf7 18. Rxd6 Qc8 19. Qf4+ Bf5 20. exf5 Nxf5 21. g4 Bh6 22. Qc4+ Ke7 23. Re6+ Kf8 24. Rf6+ Ke7 25. Qf7+ Kd8 26. Rd1+ 1-0

[Event "Coimbra Queima das Fitas op"]
[White "Moreira, Bruno"]
[Black "Ferreira, Antonio Luis"]
[Site "Coimbra"]
[Round "5"]
[Result "1-0"]
[Date "2017.04.30"]
[WhiteElo "1877"]
[BlackElo "2092"]
[PlyCount "81"]
[EventDate "2017.04.28"]
[EventType "swiss"]
[EventRounds "7"]
[EventCountry "POR"]
[SourceTitle "CBM 178 Extra"]
[Source "ChessBase"]
[SourceDate "2017.06.22"]
[SourceVersion "1"]
[SourceVersionDate "2017.06.22"]
[SourceQuality "1"]

1. e4 c5 2. d4 cxd4 3. c3 d3 4. Bxd3 Nc6 5. c4 g6 6. Nf3 Bg7 7. Nc3 d6 8. h3 Nf6 9. 0-0 0-0 10. Bf4 Be6 11. Rc1 Qa5 12. b3 Rfc8 13. Qd2 a6 14. Rfe1 Nd7 15. Bg5 Nde5 16. Nxe5 Bxe5 17. Kh1 Bg7 18. Na4 Qxd2 19. Bxd2 Ne5 20. Bf1 Rab8 21. f4 b5 22. cxb5 axb5 23. Rxc8+ Bxc8 24. Nc3 b4 25. Nd5 Nc6 26. Rc1 e6 27. Nxb4 Nd4 28. Nc6 Nxc6 29. Rxc6 Bf8 30. a4 d5 31. e5 Bd7 32. Rc7 Be8 33. a5 Rxb3 34. a6 Rb1 35. Bc1 Ba3 36. Bxa3 Rxf1+ 37. Kh2 Ra1 38. Be7 Rxa6 39. Rc8 Kg7 40. Rxe8 Ra2 41. Bf8+ 1-0

[Event "Coimbra Queima das Fitas op"]
[White "Nunes, Adelino Vitor"]
[Black "Moreira, Bruno"]
[Site "Coimbra"]
[Round "4"]
[Result "0-1"]
[Date "2016.04.24"]
[WhiteElo "1556"]
[BlackElo "1891"]
[PlyCount "102"]
[EventDate "2016.04.22"]
[EventType "swiss"]
[EventRounds "7"]
[EventCountry "POR"]
[SourceTitle "EXT 2018"]
[Source "ChessBase"]
[SourceDate "2017.10.13"]
[SourceVersion "1"]
[SourceVersionDate "2017.10.13"]
[SourceQuality "1"]

1. e4 c5 2. Nf3 e6 3. g3 Nc6 4. Bg2 d5 5. exd5 exd5 6. 0-0 Be7 7. b3 Bf6 8. c3 Nge7 9. Bb2 d4 10. c4 Nb4 11. d3 Bf5 12. Ne1 Qd7 13. a3 Nbc6 14. Nd2 b6 15. Ne4 Be5 16. f4 Bc7 17. Bf3 h5 18. Bxh5 Bxe4 19. dxe4 Qh3 20. Bxf7+ Kxf7 21. Nf3 Kg8 22. Rf2 Qg4 23. Ng5 Qxd1+ 24. Rxd1 Rh6 25. h4 Re8 26. Kg2 Nd8 27. f5 Be5 28. Bc1 Rd6 29. Rd3 Nec6 30. h5 Bf6 31. Bf4 Ne5 32. Rd1 Bxg5 33. Bxg5 Ng4 34. Re2 Nf7 35. Bf4 Nfe5 36. Kh3 Kf7 37. Kh4 Rh8 38. Bxe5 Nxe5 39. g4 Rhd8 40. Kg5 d3 41. Re3 d2 42. Kh4 Rd3 43. Re2 Nf3+ 44. Kg3 Nd4+ 45. Kf2 Nxe2 46. Kxe2 Kf6 47. b4 Ke5 48. g5 Kxe4 49. f6 gxf6 50. g6 Rh3 51. Rxd2 Rh2+ 0-1

[Event "Coimbra op"]
[White "Pinho, Paulo Miguel"]
[Black "Moreira, Bruno"]
[Site "Coimbra"]
[Round "7"]
[Result "1-0"]
[Date "2015.05.03"]
[WhiteElo "2211"]
[BlackElo "1871"]
[PlyCount "72"]
[EventDate "2015.04.30"]
[EventType "swiss"]
[EventRounds "7"]
[EventCountry "POR"]
[SourceTitle "CBM 166 Extra"]
[Source "ChessBase"]
[SourceDate "2015.06.18"]
[SourceVersion "1"]
[SourceVersionDate "2015.06.18"]
[SourceQuality "1"]

1. d4 Nf6 2. c4 c5 3. d5 b5 4. cxb5 a6 5. f3 g6 6. e4 d6 7. Na3 Bg7 8. Ne2 0-0 9. Nc3 Nbd7 10. Be2 Qb6 11. Be3 Ne8 12. 0-0 Nc7 13. Qc2 axb5 14. Naxb5 Nxb5 15. Nxb5 Nb8 16. a4 Na6 17. Rab1 Nb4 18. Qd1 Bb7 19. b3 f5 20. Qd2 Qd8 21. Kh1 Qd7 22. Bg1 f4 23. Nd4 Be5 24. Bb5 Qc8 25. Rfc1 Kh8 26. Ne6 Rf6 27. Nxc5 dxc5 28. Rxc5 Qd8 29. Qxb4 Bd6 30. Bd4 Kg8 31. Rbc1 Rf8 32. Bb2 Bxc5 33. Rxc5 Rc8 34. Qd4 Rf6 35. Bc4 Ba6 36. d6+ Bxc4 1-0

[Event "Coimbra Queima das Fitas op"]
[White "Moreira, Bruno"]
[Black "Sousa, Manuel Filipe Masca"]
[Site "Coimbra"]
[Round "4"]
[Result "1-0"]
[Date "2015.05.02"]
[WhiteElo "1874"]
[BlackElo "1208"]
[PlyCount "75"]
[EventDate "2015.04.30"]
[EventType "swiss"]
[EventRounds "7"]
[EventCountry "POR"]
[SourceTitle "EXT 2018"]
[Source "ChessBase"]
[SourceDate "2017.10.13"]
[SourceVersion "1"]
[SourceVersionDate "2017.10.13"]
[SourceQuality "1"]

1. e4 e5 2. Nf3 Nc6 3. Bb5 a6 4. Ba4 Nf6 5. d3 h6 6. c3 Bc5 7. 0-0 0-0 8. Nbd2 d6 9. Re1 Be6 10. Nf1 d5 11. exd5 Nxd5 12. Bxc6 bxc6 13. Nxe5 Qd6 14. d4 Bb6 15. Qf3 c5 16. Qg3 Bf5 17. Ne3 Bg6 18. Nxg6 fxg6 19. Qxd6 cxd6 20. Nxd5 Bd8 21. dxc5 dxc5 22. c4 Ba5 23. Rd1 Rad8 24. Be3 Bb4 25. a3 Ba5 26. Bxc5 Rfe8 27. b4 Bxb4 28. axb4 Re2 29. Ne7+ Kf7 30. Rxd8 Kf6 31. Nd5+ Ke5 32. Re8+ Kf5 33. Rxe2 Kg5 34. Re5+ Kh4 35. g3+ Kh3 36. Nf4+ Kg4 37. h3+ Kf3 38. Re3# 1-0

[Event "Coimbra Queima das Fitas op"]
[White "Oliveira, Maria Alice Ramos"]
[Black "Moreira, Bruno"]
[Site "Coimbra"]
[Round "5"]
[Result "0-1"]
[Date "2015.05.02"]
[WhiteElo "1679"]
[BlackElo "1874"]
[PlyCount "134"]
[EventDate "2015.04.30"]
[EventType "swiss"]
[EventRounds "7"]
[EventCountry "POR"]
[SourceTitle "EXT 2018"]
[Source "ChessBase"]
[SourceDate "2017.10.13"]
[SourceVersion "1"]
[SourceVersionDate "2017.10.13"]
[SourceQuality "1"]

1. e4 c5 2. Nf3 e6 3. d4 cxd4 4. Nxd4 a6 5. Nc3 Qc7 6. Bd3 Nf6 7. Be3 Bb4 8. Nde2 Nc6 9. 0-0 Ne5 10. h3 b5 11. f4 Nc4 12. Bxc4 Qxc4 13. e5 Ne4 14. Nxe4 Qxe4 15. Rf3 Bb7 16. c3 Be7 17. Qe1 Qc2 18. Nd4 Qxb2 19. Rf2 Qa3 20. Rf1 Rc8 21. Qg3 g6 22. Ne2 Qb2 23. Qf2 Qc2 24. Kh2 h5 25. Rfc1 Qe4 26. Ng3 Qc6 27. Ne2 Bh4 28. g3 Be7 29. Rd1 Qf3 30. Rac1 Qxf2+ 31. Bxf2 Bd5 32. Rd2 d6 33. Bd4 dxe5 34. Bxe5 f6 35. Bd4 Kf7 36. Rdc2 Rc4 37. Rd2 Rhc8 38. Rb1 Ra4 39. Rbb2 Rcc4 40. Kg1 Ba3 41. Rb3 Bd6 42. Rbb2 Bc5 43. Bxc5 Rxc5 44. Rdc2 Ke7 45. Kf2 Bc4 46. Nd4 Bd3 47. Nb3 Rc7 48. Rc1 h4 49. g4 Bc4 50. Rcc2 Bd3 51. Rc1 Rac4 52. Rd2 Rxc3 53. Rxd3 Rxc1 54. Nxc1 Rxc1 55. Rd2 Rc3 56. Kg2 Rg3+ 57. Kh2 Rf3 58. g5 Rxf4 59. gxf6+ Kxf6 60. Kg2 Kf5 61. Rd6 Ra4 62. Rd2 Ra3 63. Re2 e5 64. Rf2+ Ke6 65. Rd2 e4 66. Re2 Ke5 67. Kf2 Rxh3 0-1

[Event "Coimbra op"]
[White "Diogo, Vasco Andre Marcalo"]
[Black "Moreira, Bruno"]
[Site "Coimbra"]
[Round "1"]
[Result "1-0"]
[Date "2015.04.30"]
[WhiteElo "2270"]
[BlackElo "1871"]
[PlyCount "99"]
[EventDate "2015.04.30"]
[EventType "swiss"]
[EventRounds "7"]
[EventCountry "POR"]
[SourceTitle "CBM 166 Extra"]
[Source "ChessBase"]
[SourceDate "2015.06.18"]
[SourceVersion "1"]
[SourceVersionDate "2015.06.18"]
[SourceQuality "1"]

1. e4 c5 2. Nf3 e6 3. d3 Nc6 4. g3 d5 5. Nbd2 Nf6 6. Bg2 Be7 7. 0-0 0-0 8. Re1 Re8 9. e5 Nd7 10. Nf1 Nf8 11. h4 f6 12. exf6 Bxf6 13. Ne3 e5 14. c4 d4 15. Nd5 Bg4 16. Qb3 Rb8 17. Nd2 Be6 18. Ne4 Nd7 19. Bd2 Rf8 20. Qb5 a6 21. Qa4 Kh8 22. Qa3 Ne7 23. Ndxf6 gxf6 24. Nxc5 Nxc5 25. Qxc5 Bf5 26. Bb4 Rf7 27. Rad1 Nc6 28. Ba3 Rc8 29. Qd5 Qg8 30. Bd6 Qg7 31. a3 Rd7 32. c5 Nd8 33. Qb3 Be6 34. Qb6 Bg4 35. Rc1 Nf7 36. Bd5 Nh6 37. Qb3 Re8 38. Qb4 Nf5 39. Kh2 Qh6 40. Re4 Bf3 41. Rce1 Rg7 42. Rxd4 e4 43. Rdxe4 Bxe4 44. Rxe4 Qg6 45. Be6 Nxd6 46. cxd6 f5 47. Bxf5 Rxe4 48. dxe4 Qf6 49. d7 b5 50. Kg2 1-0

[Event "Coimbra op"]
[White "Oliveira, Joao Andre CD"]
[Black "Moreira, Bruno"]
[Site "Coimbra"]
[Round "6"]
[Result "1/2-1/2"]
[Date "2014.04.27"]
[WhiteElo "1554"]
[BlackElo "1935"]
[PlyCount "41"]
[EventDate "2014.04.25"]
[EventType "swiss"]
[EventRounds "7"]
[EventCountry "POR"]
[SourceTitle "CBM 160 Extra"]
[Source "ChessBase"]
[SourceDate "2014.07.01"]
[SourceVersion "1"]
[SourceVersionDate "2014.07.01"]
[SourceQuality "1"]

1. f4 d5 2. Nf3 c5 3. b3 Nf6 4. Bb2 Nc6 5. e3 Bg4 6. h3 Bxf3 7. Qxf3 e6 8. Nc3 a6 9. Ne2 Nb4 10. Kd1 Rc8 11. a3 Nc6 12. g4 Ne4 13. Ng3 Nxg3 14. Qxg3 d4 15. Bd3 Na5 16. exd4 cxd4 17. f5 Bd6 18. Qf3 e5 19. Re1 0-0 20. Rh1 Qb6 21. f6 1/2-1/2

[Event "Coimbra op"]
[White "Ribeiro, Luis Henrique Gonca"]
[Black "Moreira, Bruno"]
[Site "Coimbra"]
[Round "1"]
[Result "1/2-1/2"]
[Date "2014.04.24"]
[WhiteElo "1409"]
[BlackElo "1935"]
[PlyCount "122"]
[EventDate "2014.04.25"]
[EventType "swiss"]
[EventRounds "7"]
[EventCountry "POR"]
[SourceTitle "CBM 160 Extra"]
[Source "ChessBase"]
[SourceDate "2014.07.01"]
[SourceVersion "1"]
[SourceVersionDate "2014.07.01"]
[SourceQuality "1"]

1. e4 c5 2. Nf3 e6 3. d4 cxd4 4. Nxd4 Nc6 5. Nc3 Qc7 6. Be3 a6 7. Be2 Nf6 8. 0-0 Bb4 9. Qd3 Ne5 10. Bf4 Nxd3 11. Bxc7 Nxb2 12. Nd1 Nxd1 13. Raxd1 Nxe4 14. Bc4 Nd2 15. a3 Bc3 16. Ne2 Nxc4 17. Nxc3 0-0 18. Bd6 Nxd6 19. Rxd6 b5 20. Ne4 Ra7 21. Rfd1 Rc7 22. R1d2 Bb7 23. f3 Bxe4 24. fxe4 Rc4 25. R6d4 Rc3 26. R4d3 Rc4 27. Rd4 Rd8 28. Rxc4 bxc4 29. Rd6 Kf8 30. Rxa6 Ke7 31. Kf2 f6 32. Ke3 d5 33. exd5 Rxd5 34. Ra7+ Kd6 35. Rxg7 Ke5 36. Rxh7 Ra5 37. Rh5+ f5 38. g4 Rxa3+ 39. Ke2 Kf4 40. gxf5 Kg4 41. Rh7 exf5 42. Rg7+ Kf4 43. Rc7 Re3+ 44. Kd2 Re4 45. Kc3 Ke3 46. Rf7 f4 47. h4 f3 48. h5 Ke2 49. h6 f2 50. h7 Re8 51. Kxc4 f1Q 52. Rxf1 Kxf1 53. Kb5 Rh8 54. c4 Rxh7 55. c5 Rh2 56. c6 Rc2 57. Kb6 Ke2 58. c7 Kd3 59. Kb7 Rb2+ 60. Ka7 Rc2 61. Kb7 Rxc7+ 1/2-1/2